000 00944nam a22002537a 4500
005 20170803104047.0
010 _aBAC-CH25
020 _a9788179934647
_c125.00
035 _aB-550107-142
035 _aG-003413
035 _aB-667207
037 _adpl
_bAakar/Ven
037 _bReceived from DB Act Children Books
082 _aS GUP
100 _aGupta, Subhadra Sen
245 _aRao Jodha and the Curse of the Hermit /
_cby Subhadra Sen Gupta; illustrated by Tapas Guha
260 _aNew Delhi
_bTeri
_c2014
270 _aDarbari Seth Block, IHC Complex, Lodhi Road
_bNew Delhi
_e110003
300 _a24p.:
_c24cm(pbk)
_bcol.ill
490 _aCaring for Nature
942 _2ddc
_cCH
_mGUP
_hS
999 _c86591
_d86591